La revolución sexual (Registro nro. 59890)

Detalles MARC
000 -CABECERA
Longitud fija campo de control 01285nam a2200361 4500
003 - • IDENTIFICADOR DELl NÚMERO DE CONTROL
Identificador del número de control CO-BoRNBP
005 - • FECHA Y HORA DE LA ÚLTIMA TRANSACCIÓN
Fecha y hora de la última transacción 20251111202015.0
007 - • CAMPO FIJO DE DESCRIPCIÓN FÍSICA
Campo fijo de descripción física ta
008 - • CÓDIGOS DE INFORMACIÓN DE LONGITUD FIJA
Códigos de información de longitud fija 791218s1978 sp a 000 0 spa
017 ## - NÚMERO DE COPYRIGHT O DE DEPÓSITO LEGAL
Número de copyright o de depósito legal V 649-1978
Agencia que asigna el número Oficina Depósito Legal Valencia
020 ## - • NÚMERO INTERNACIONAL NORMALIZADO PARA LIBROS
Número Internacional Normalizado para Libros (ISBN) 8470540588
040 ## - FUENTE DE LA CATALOGACIÓN
Centro catalogador de origen IBH
Lengua de catalogación spa
Centro transcriptor SpMaBN
Normas de descripción rdc
041 1# - • CÓDIGO DE LENGUA
Código de lengua del texto/banda sonora o título independiente spa
080 ## - NÚMERO DE LA CLASIFICACIÓN DECIMAL UNIVERSAL
Número de la Clasificación Decimal Universal 176(04)
100 1# - • PUNTO DE ACCESO PRINCIPAL-NOMBRE DE PERSONA
Nombre de persona Reich, Wilhelm
Fechas asociadas al nombre 1897-1957
240 13 - • TÍTULO UNIFORME
Título uniforme <a href="La revolución sexual">La revolución sexual</a>
245 13 - • TITULO PROPIAMENTE DICHO
Título La revolución sexual
Medio [Texto impreso] :
Resto del título para una estructura de carácter autónoma del hombre
Mención de responsabilidad, etc. [por] Wilhelm Reich ; traducción de Sergio Moratiel, rrevisada y corregida por Wilhelm Reich Infant Trust Fund
250 ## - • MENCI&Oacute;N DE EDICI&Oacute;N
Mención de edición 1a. edición
300 ## - • DESCRIPCI&Oacute;N F&Iacute;SICA
Extensión VIII, 296 p.
Dimensiones 21 cm
336 ## - TIPO DE CONTENIDO
Fuente rdacontent
Término de tipo de contenido texto
Código de tipo de contenido txt
337 ## - TIPO DE MEDIO
Fuente rdamedia
Nombre del tipo de medio sin mediación
Código del tipo de medio n
338 ## - TIPO DE SOPORTE
Fuente rdacarrier
Nombre del tipo de soporte volumen
Código del tipo de soporte nc
490 0# - • MENCI&Oacute;N DE SERIE
Mención de serie Libros de Ruedo Ibérico
500 ## - • NOTA GENERAL
Nota general Índice
650 #7 - • PUNTO DE ACCESO ADICIONAL DE MATERIA - T&Eacute;RMINO DE MATERIA
Término de materia o nombre geográfico como elemento inicial Ética sexual
Fuente del encabezamiento o término embne
700 1# - • PUNTO DE ACCESO ADICIONAL - NOMBRE DE PERSONA
Nombre de persona Moratiel, Sergio
710 2# - • PUNTO DE ACCESO ADICIONAL - NOMBRE DE ENTIDAD
Nombre de entidad o nombre de jurisdicción como elemento inicial Wilhelm Reich Infant Trust Fund (New York)
Término indicativo de función rev.
942 ## - ENTRADA DE ELEMENTOS AGREGADOS (KOHA)
Fuente de clasificaión o esquema Dewey Decimal Classification
Koha [por defecto] tipo de item LIbro
956 ## - LOCALIZACI&Oacute;N Y ACCESO ELECTR&Oacute;NICO LOCAL (OCLC)
Nombre de la fuente 1 2
980 ## - EQUIVALENCIA O SECCI&Oacute;N-REFERENCIA-INFORME SERIES--NOMBRE &#47; T&Iacute;TULO DE PERSONA [LOCAL, CANADA]
Nombre personal V 649-1978
-- 84-7054-058-8
-- SpMaBN
Numeración BNMADRID
Atributo cualificador 4/157731
T&íacute;tulos u otras palabras asociadas a nombre SG_RECOLET
980 ## - EQUIVALENCIA O SECCI&Oacute;N-REFERENCIA-INFORME SERIES--NOMBRE &#47; T&Iacute;TULO DE PERSONA [LOCAL, CANADA]
Nombre personal V 649-1978
-- 84-7054-058-8
-- SpMaBN
Numeración BNALCALA
Atributo cualificador DL/117536
T&íacute;tulos u otras palabras asociadas a nombre CONSERVACI
Existencias
Perdido Fuente de clasificaci&oacute;n o esquema Estado Físico No para pr&eacute;stamo Forma de adquisición Localizaci&oacute;n permanente Localizaci&oacute;n actual Localización en estanterías Fecha adquisici&oacute;n Pr&eacute;stamos totales C&oacute;digo de barras Fecha &uacute;ltima consulta N&uacute;mero de copia Fecha del precio de reemplazo Tipo de item de Koha
  Dewey Decimal Classification     Colección General Biblioteca Pública Lejanias Biblioteca Pública Lejanias General 11/11/2025   LEJ01309 11/11/2025 Ej.1 11/11/2025 LIbro









Instituto Departamental de Cultura del Meta - Red Departamental de Bibliotecas Públicas del Meta.